LEADER 01554nam a2200241 i 4500 001 000000130932 003 CaOOAMICUS 005 20250710151108.0 008 041108s1962 it u000 u ita u 013 $a103771 040 $aSeMil$bita 245 10$aOsservazioni intorno all'arte di fabbricare la carta :$bdedotte da vari autori dell'Accademia R. delle scienze per la maggior perfezione delle cartiere negli Stati di S.A.R. il Sign. Infante D.Filippo duca di Parma, Piacenza, Guastalla, ecc. con la dimostrazione del mulino all'olandese fatto a cilindro /$cintroduzione e note di Andrea Federico Gasparinetti. 250 $aEsempl. n. 426. 260 $aMilano :$bCartiera Ventura,$c1962. 300 $a85 p., 8 c. di tav., [2] c. di tav. ripieg. ;$c33 cm. 650 4$aCarta - Fabbricazione - Sec. 18.$0(OLS)http://semarc/subject/58157 650 4$aTipografia - Storia.$0(OLS)http://semarc/subject/4892 700 1 $aGasparinetti, Andrea Federico.$0(OLS)http://semarc/name/54130 850 $aSeMil 852 $aSeMil$W1$xVenegono$y1$m3Y VI 7$j259524$B84943$CSeMilBibl$Z2$F88614 $81 996 $6245$aOsservazioni intorno all'arte di fabbricare la carta :$bdedotte da vari autori dell'Accademia R. delle scienze per la maggior perfezione delle cartiere negli Stati di S.A.R. il Sign. Infante D.Filippo duca di Parma, Piacenza, Guastalla, ecc. con la dimostrazione del mulino all'olandese fatto a cilindro$9(OLS)http://semarc/title/192749 996 $6260$aMilano :$bCartiera Ventura$9(OLS)http://semarc/publisher/33418 LEADER 01319nam a2200289 i 4500 001 000000138027 003 CaOOAMICUS 005 20051111000000.0 008 051111s2005 sp u000 u spa u 013 $a111922 020 $a84-321-3559-3 040 $aSeMil$bita 100 1 $aSarto, Pablo Blanco <1965- >.$0(OLS)http://semarc/name/55937 245 10$aJoseph Ratzinger: Razón y cristianismo :$bla victoria de la inteligencia en el mundo de las religiones /$cPablo Blanco Sarto ; prólogo de José Morales. 260 $aMadrid :$bRialp,$c2005. 300 $a300 p. ;$c24 cm. 490 0 $aCuestiones fundamentales 500 $aContiene : Bibliografia. 650 4$aFede e ragione.$0(OLS)http://semarc/subject/4335 700 1 $aMorales, José.$0(OLS)http://semarc/name/16721 830 0$aCuestiones fundamentales.$0(OLS)http://semarc/title/15520 850 $aSeMil 852 $aSeMil$W1$xVenegono$y1$m2B III 77$j91538$B91538$CSeMilBibl$Z2$F105854 $81 961 $aOmaggio per recensione: Scuola Cattolica 996 $6020$a84-321-3559-3$9(OLS)http://semarc/number/125886 996 $6245$aJoseph Ratzinger: Razón y cristianismo :$bla victoria de la inteligencia en el mundo de las religiones$9(OLS)http://semarc/title/201733 996 $6260$aMadrid :$bRialp$9(OLS)http://semarc/publisher/31849